00826nam a22001935i 4500001000700000003000900007005001700016008004100033040002000074100005800094245015600152260003900308300004600347650002600393700003100419852003900450999001900489952012400508165290ES-MaACL20250718062548.0050906s1900 xxk | |||||||| ||eng d aCAM bspa cCAM1 aShaftesbury, Anthony Ashley Cooper cEarl of.913270110aCharacteristics of men, manners, opinions, times, etc. / cby Anthony Earl of Shaftesbury ; edited with an introduction and notes by John M. Robertson. aLondon : bGrant Richards, c1900. a2 v. (XLIX, 337 ; VII, 373 p.) ; c21 cm. 7aÉtica2embne9125771 aRobertson, John M.9131888 aES-MaACLjF-1876-77 z-- Enc. tela c165290d165290 001040708LIBXIXaATENEOMbATENEOMcDEPO2d2008-01-17l0oF-1876-77p1173325r2023-02-23 00:00:00w2023-02-23yMONANT